| 000 | 00586nam a2200205Ia 4500 | ||
|---|---|---|---|
| 008 | 191130s2000##################000#0#eng## | ||
| 020 | _a9780375702396 | ||
| 022 | _a59098 | ||
| 040 |
_aACL _cACL |
||
| 082 | _a349.7303 CLA | ||
| 100 | _aClapp, James E | ||
| 245 |
_aRandom house Webster's dictionary of the law _cJames E. Clapp |
||
| 250 | _a1st Random House ed | ||
| 260 |
_aNew York _bRandom House _cc2000 |
||
| 300 | _axvi, 528 p. ; 24 cm | ||
| 650 | _aLaw - United States - Dictionaries | ||
| 990 | _a2f8c0509ac10000c50d48d1678fa18b3 | ||
| 991 | _a284318 | ||
| 999 |
_c49941 _d49941 |
||